Getting IT Right: Infromation and Communication Technology (Record no. 4877)

MARC details
005 - DATE AND TIME OF LATEST TRANSACTION
control field 20250624135709.0
020 ## - INTERNATIONAL STANDARD BOOK NUMBER
International Standard Book Number 978-0-7487-4423
082 ## - DEWEY DECIMAL CLASSIFICATION NUMBER
Classification number 001.6 PAG
100 ## - MAIN ENTRY--PERSONAL NAME
Author name PAGE, A
245 ## - TITLE STATEMENT
Title Getting IT Right: Infromation and Communication Technology
260 ## - PUBLICATION, DISTRIBUTION, ETC.
Place of publication, distribution, etc. London
Name of publisher, distributor, etc. Oxford University Press
Date of publication, distribution, etc. 2014.
300 ## - PHYSICAL DESCRIPTION
Extent 144p.: ill.; figures, pictures
Other physical details Index
Dimensions 27cm
700 ## - ADDED ENTRY--PERSONAL NAME
Other authors/Editors Tristram Shepard
942 ## - ADDED ENTRY ELEMENTS (KOHA)
Source of classification or shelving scheme Dewey Decimal Classification
Koha item type Books
Holdings
Date last seen Total checkouts Full call number Barcode Cost, replacement price Price effective from Koha item type Lost status Source of classification or shelving scheme Damaged status Not for loan Withdrawn status Home library Current library Shelving location Date acquired Source of acquisition Cost, normal purchase price
06/24/2025   001.6 PAG MZA0001867 120000.00 06/24/2025 Books   Dewey Decimal Classification       CBE Mwanza CBE Mwanza General Collection 06/06/2017 Library Budget 40000.00
06/24/2025   001.6 PAG MZA0001868 120000.00 06/24/2025 Books   Dewey Decimal Classification       CBE Mwanza CBE Mwanza General Collection 06/06/2017 Library Budget 40000.00
06/24/2025   001.6 PAG MZA0001869 120000.00 06/24/2025 Books   Dewey Decimal Classification       CBE Mwanza CBE Mwanza General Collection 06/06/2017 Library Budget 40000.00
06/24/2025   001.6 PAG MZA0001870 120000.00 06/24/2025 Books   Dewey Decimal Classification       CBE Mwanza CBE Mwanza General Collection 06/06/2017 Library Budget 40000.00
06/24/2025   001.6 PAG MZA0001871 120000.00 06/24/2025 Books   Dewey Decimal Classification       CBE Mwanza CBE Mwanza General Collection 06/06/2017 Library Budget 40000.00